[Event "25. Copenhagen Open  (Politiken Cup)"]
[Site "Copenhagen"]
[Date "2003.07.24"]
[Round "10"]
[White "Johansen, Anders Sten"]
[Black "Stam, Bart"]
[Result "1/2-1/2"]
[WhiteElo "1590"]
[BlackElo "2058"]
[PlyCount "58"]
[EventDate "2003.07.14"]
[EventType "swiss"]
[EventRounds "11"]
[EventCountry "DEN"]
[SourceDate "2004.01.01"]

1. e4 c5 2. Nc3 Nc6 3. g3 g6 4. Bg2 Bg7 5. d3 d6 6. Be3 e6 7. Qd2 Nd4 8. Nd1 h5
9. c3 Nc6 10. h4 Nge7 11. Ne2 Bd7 12. O-O Ne5 13. f4 Ng4 14. Kh1 O-O 15. Bg1
Rc8 16. Ne3 Nh6 17. a4 Bc6 18. d4 f5 19. d5 exd5 20. exd5 Be8 21. c4 Bf7 22. a5
Kh7 23. Rab1 Neg8 24. b4 b6 25. axb6 axb6 26. bxc5 bxc5 27. Nc3 Qa5 28. Ne4
Qxd2 29. Nxd2 Rb8 1/2-1/2

[Event "25. Copenhagen Open  (Politiken Cup)"]
[Site "Copenhagen"]
[Date "2003.07.24"]
[Round "10"]
[White "Kallio, Heikki"]
[Black "Krasenkow, Michal"]
[Result "1/2-1/2"]
[WhiteElo "2471"]
[BlackElo "2585"]
[PlyCount "108"]
[EventDate "2003.07.14"]
[EventType "swiss"]
[EventRounds "11"]
[EventCountry "DEN"]
[SourceDate "2004.01.01"]

1. d4 d5 2. Bg5 f6 3. Bf4 Nc6 4. c3 e5 5. Bg3 Be6 6. e3 Bd6 7. Bb5 Nge7 8. dxe5
fxe5 9. Nf3 Bg4 10. Qb3 Bxf3 11. gxf3 O-O 12. Nd2 Kh8 13. Bd3 Rb8 14. Qc2 Qe8
15. h4 e4 16. fxe4 Bxg3 17. fxg3 dxe4 18. Nxe4 Nf5 19. Qe2 Qg6 20. g4 Nh6 21.
Ng5 Qd6 22. O-O-O Ne5 23. Bxh7 Qa6 24. Qxa6 bxa6 25. Bc2 Nhxg4 26. Rhe1 Nc4 27.
Rd7 Ncxe3 28. Nf7+ Kg8 29. Bb3 Rxb3 30. axb3 Rxf7 31. Rxf7 Kxf7 32. Kd2 Nf5 33.
Re4 Nf6 34. Ra4 Ke7 35. Rxa6 Nxh4 36. Rxa7 Kd6 37. b4 g5 38. Ra6+ Ke5 39. Rc6
g4 40. Rxc7 g3 41. Rg7 g2 42. b5 Nf3+ 43. Ke3 g1=Q+ 44. Rxg1 Nxg1 45. c4 Ng4+
46. Kd3 Kd6 47. b4 Ne5+ 48. Kd4 Ngf3+ 49. Kc3 Nd7 50. c5+ Kd5 51. b6 Nd4 52. b5
Nxb5+ 53. Kd2 Nd4 54. c6 Nxc6 1/2-1/2

[Event "25. Copenhagen Open  (Politiken Cup)"]
[Site "Copenhagen"]
[Date "2003.07.24"]
[Round "10"]
[White "Klitgaard, Thomas"]
[Black "Liden, Tommy"]
[Result "1-0"]
[WhiteElo "2098"]
[BlackElo "1883"]
[PlyCount "111"]
[EventDate "2003.07.14"]
[EventType "swiss"]
[EventRounds "11"]
[EventCountry "DEN"]
[SourceDate "2004.01.01"]

1. d4 d5 2. c4 e6 3. Nf3 c6 4. Qc2 Nf6 5. Bg5 h6 6. Bh4 Bb4+ 7. Nbd2 Nbd7 8. a3
Qa5 9. O-O-O Be7 10. Kb1 b5 11. c5 Qc7 12. b3 Qa5 13. Kb2 Ng4 14. Bg3 f5 15. h3
Ngf6 16. e3 Ne4 17. Nxe4 dxe4 18. Ne5 Nxe5 19. Bxe5 O-O 20. f3 Bg5 21. f4 Be7
22. g4 Qd8 23. Be2 a5 24. Rdg1 Bf6 25. Bxf6 Qxf6 26. g5 hxg5 27. Rxg5 Kf7 28.
h4 Ke8 29. Rhg1 Ra7 30. Bh5+ Kd8 31. Qg2 Rh8 32. Qh3 a4 33. b4 Re7 34. Bd1 Bd7
35. h5 Be8 36. Qg2 Rh7 37. Qe2 Qf8 38. R1g2 Qh8 39. Kc3 Rf7 40. Qf2 Ke7 41. Qh4
Kf8 42. Rh2 Rf6 43. Rgg2 Rfh6 44. Qd8 g6 45. Qd6+ Re7 46. hxg6 Bxg6 47. Rxg6
Rxh2 48. Rxe6 Qh4 49. Rf6+ Qxf6 50. Qxf6+ Rf7 51. Qxc6 Ra2 52. Bh5 Rxa3+ 53.
Kb2 Rb3+ 54. Kc2 Ra7 55. Qxb5 Kg8 56. Qb6 1-0

[Event "25. Copenhagen Open  (Politiken Cup)"]
[Site "Copenhagen"]
[Date "2003.07.24"]
[Round "10"]
[White "Knudsen, Jes West"]
[Black "Rosenkilde, Alexander"]
[Result "1-0"]
[WhiteElo "2015"]
[BlackElo "1699"]
[PlyCount "71"]
[EventDate "2003.07.14"]
[EventType "swiss"]
[EventRounds "11"]
[EventCountry "DEN"]
[SourceDate "2004.01.01"]

1. e4 c5 2. b4 cxb4 3. Bb2 e6 4. d4 d5 5. e5 Nc6 6. Bd3 Nge7 7. a3 Ng6 8. axb4
Bxb4+ 9. c3 Be7 10. g3 O-O 11. h4 Bd7 12. h5 Nh8 13. Qc2 g6 14. Qd2 Na5 15. Qh6
Bg5 16. Qxg5 Qxg5 17. Rxa5 Qd8 18. Ra2 f6 19. Ba3 Rf7 20. exf6 Rxf6 21. hxg6
Nxg6 22. f4 a6 23. Rah2 Bb5 24. Bc2 Qc7 25. Nf3 Qc4 26. Bb4 a5 27. Nbd2 Qa2 28.
Bxg6 Rxg6 29. Bd6 Bd3 30. Rxh7 Qa1+ 31. Kf2 Qxh1 32. Rxh1 a4 33. Ne5 a3 34.
Nxd3 a2 35. Ra1 Rh6 36. Nf3 1-0

[Event "25. Copenhagen Open  (Politiken Cup)"]
[Site "Copenhagen"]
[Date "2003.07.24"]
[Round "10"]
[White "Kokholm, Daniel"]
[Black "Schmidt, Horst Hubert"]
[Result "1-0"]
[WhiteElo "2115"]
[BlackElo "1870"]
[PlyCount "105"]
[EventDate "2003.07.14"]
[EventType "swiss"]
[EventRounds "11"]
[EventCountry "DEN"]
[SourceDate "2004.01.01"]

1. e4 d6 2. d4 Nf6 3. Nc3 c6 4. f3 e6 5. Be3 Be7 6. Bd3 Na6 7. Qd2 b5 8. a4 Qa5
9. Nh3 Nb4 10. Be2 Na6 11. Nf2 Rb8 12. O-O b4 13. Ncd1 c5 14. b3 O-O 15. d5 Nc7
16. Bc4 exd5 17. exd5 Bb7 18. Bg5 Ncxd5 19. Bxd5 Bxd5 20. Rb1 c4 21. Ne3 c3 22.
Qd3 Be6 23. f4 g6 24. Rbd1 Rfd8 25. Qd4 Qc5 26. Bxf6 Bxf6 27. Qxf6 Qxe3 28.
Rfe1 Qc5 29. Rxe6 fxe6 30. Qxe6+ Kf8 31. Qf6+ Ke8 32. Qg7 Qe3 33. Kf1 Rd7 34.
Qg8+ Ke7 35. Qxb8 Qxf4 36. Re1+ Kf6 37. Kg1 Kg7 38. g3 Qd4 39. Qe8 Rf7 40. Qe3
Qd5 41. Rd1 Qf5 42. Qd4+ Kg8 43. Rd3 a5 44. Qe3 d5 45. g4 Qd7 46. Qd4 Qe7 47.
Re3 Qd8 48. Re5 Rd7 49. g5 h5 50. Qe3 Kg7 51. Re8 Qc7 52. Qe5+ Kf7 53. Qh8 1-0

[Event "25. Copenhagen Open  (Politiken Cup)"]
[Site "Copenhagen"]
[Date "2003.07.24"]
[Round "10"]
[White "Kongsted, Halfdan Christian"]
[Black "Houska, Jovanka"]
[Result "1-0"]
[WhiteElo "2246"]
[BlackElo "2350"]
[PlyCount "141"]
[EventDate "2003.07.14"]
[EventType "swiss"]
[EventRounds "11"]
[EventCountry "DEN"]
[SourceDate "2004.01.01"]

1. d4 d5 2. c4 c6 3. Nf3 Nf6 4. Nc3 a6 5. c5 Nbd7 6. Bf4 Nh5 7. e3 Nxf4 8. exf4
g6 9. Bd3 Bg7 10. O-O O-O 11. Re1 Re8 12. Qc2 Nf8 13. f5 Qc7 14. g3 gxf5 15.
Bxf5 f6 16. Nh4 e6 17. Bd3 e5 18. Bf5 Be6 19. Qd1 Qd7 20. Qg4 exd4 21. Ne2 Bxf5
22. Nxf5 Re5 23. Nexd4 Kh8 24. f4 Ree8 25. h4 Rad8 26. Kh2 Re4 27. Rxe4 dxe4
28. h5 h6 29. Re1 Re8 30. Re3 Kh7 31. b3 Bh8 32. Qe2 Qd5 33. Qc4 Ne6 34. Qxd5
cxd5 35. Nxe6 Rxe6 36. Nd4 Re8 37. f5 Bg7 38. b4 Bf8 39. a3 a5 40. Kg2 Ra8 41.
Ne6 axb4 42. axb4 Kg8 43. Rb3 Ra2+ 44. Kf1 Be7 45. Ke1 Kf7 46. Kd1 Rf2 47. Nd4
Rh2 48. Ra3 Rb2 49. Rb3 Rxb3 50. Nxb3 Bd8 51. Ke2 Bc7 52. Ke3 Bxg3 53. Kd4 Ke7
54. Kxd5 e3 55. Nd4 Kd7 56. Kc4 Be1 57. b5 Bd2 58. Kd3 Bb4 59. Nb3 b6 60. cxb6
Kc8 61. Kxe3 Kb7 62. Kd4 Kxb6 63. Kc4 Be1 64. Nc5 Bh4 65. Ne4 Kb7 66. Kc5 Kc7
67. b6+ Kb7 68. Kb5 Kb8 69. Kc6 Kc8 70. Nc5 Bg3 71. b7+ 1-0

[Event "25. Copenhagen Open  (Politiken Cup)"]
[Site "Copenhagen"]
[Date "2003.07.24"]
[Round "10"]
[White "Lauritsen, Martin Lee"]
[Black "Preuss, Flemming"]
[Result "0-1"]
[WhiteElo "1687"]
[BlackElo "2083"]
[PlyCount "142"]
[EventDate "2003.07.14"]
[EventType "swiss"]
[EventRounds "11"]
[EventCountry "DEN"]
[SourceDate "2004.01.01"]

1. e4 e5 2. Nf3 d6 3. Bc4 Be7 4. Nc3 Nf6 5. d4 Nbd7 6. O-O O-O 7. Qe2 c6 8. a4
exd4 9. Nxd4 Nxe4 10. Qxe4 d5 11. Bxd5 Nf6 12. Bxf7+ Rxf7 13. Qd3 Ng4 14. h3
Ne5 15. Qe4 Bf6 16. Be3 Qc7 17. Rad1 Bd7 18. Nf5 Ng6 19. Nd6 Re7 20. Qb4 b6 21.
a5 c5 22. Qb3+ Be6 23. Nd5 Qd7 24. Nxe7+ Bxe7 25. Nf5 Qc6 26. Rd6 Qxd6 27. Nxd6
Bxb3 28. cxb3 Bxd6 29. Ra1 Rb8 30. b4 cxb4 31. axb6 axb6 32. Ra6 Bc5 33. Bxc5
bxc5 34. Rc6 Rb5 35. Kf1 Ne7 36. Rc7 Kf7 37. Ke2 Ke6 38. Kd3 Kd6 39. Ra7 Rb6
40. g4 Rc6 41. Kc4 g5 42. h4 h6 43. h5 Rb6 44. Ra5 Nc6 45. Rxc5 Ne5+ 46. Kd4
Nxg4 47. Rf5 Ke6 48. Rf8 Nf6 49. Rh8 Nxh5 50. Rxh6+ Nf6 51. b3 Kf5 52. Rh8 Kf4
53. Kc5 Rb7 54. Kc6 Re7 55. Rf8 Re6+ 56. Kc5 Kf3 57. Kxb4 g4 58. Ka5 Kxf2 59.
b4 g3 60. Rc8 g2 61. Rc2+ Re2 62. Rc1 Nd5 63. Kb5 Ne3 64. Kb6 Nf1 65. b5 g1=Q
66. Ka6 Ra2+ 67. Kb7 Qg2+ 68. Rc6 Ne3 69. Kb8 Nd5 70. b6 Qg8+ 71. Kb7 Qa8# 0-1

[Event "25. Copenhagen Open  (Politiken Cup)"]
[Site "Copenhagen"]
[Date "2003.07.24"]
[Round "10"]
[White "Liden, Jimmy"]
[Black "Sandbech, Ted"]
[Result "1/2-1/2"]
[WhiteElo "1530"]
[BlackElo "1660"]
[PlyCount "89"]
[EventDate "2003.07.14"]
[EventType "swiss"]
[EventRounds "11"]
[EventCountry "DEN"]
[SourceDate "2004.01.01"]

1. Nf3 d5 2. d4 c5 3. e3 Nc6 4. c3 Nf6 5. Be2 Bg4 6. O-O e6 7. Nbd2 cxd4 8.
cxd4 Bd6 9. a3 O-O 10. b4 a6 11. Bb2 Bc7 12. Nb3 Ne4 13. Nfd2 Bxe2 14. Qxe2 f5
15. Nxe4 fxe4 16. Qg4 Rf6 17. Qe2 Bxh2+ 18. Kxh2 Rh6+ 19. Kg1 Qh4 20. f4 exf3
21. Rxf3 Qh2+ 22. Kf1 Rf8 23. Rxf8+ Kxf8 24. Ke1 Rg6 25. g3 Qh3 26. Qf1+ Qxf1+
27. Kxf1 Rxg3 28. Kf2 Rh3 29. Rf1 Ke7 30. Rg1 g6 31. Nc5 Nd8 32. Bc1 Kd6 33.
Kg2 Rh5 34. Rh1 Rxh1 35. Kxh1 Kc6 36. Bd2 Kb6 37. Nd7+ Kc7 38. Nf8 Kd6 39. Nxh7
Nf7 40. Be1 e5 41. Bg3 Ke6 42. Nf8+ Kf5 43. Bxe5 Nxe5 44. dxe5 Kxe5 45. Nxg6+
1/2-1/2

[Event "25. Copenhagen Open  (Politiken Cup)"]
[Site "Copenhagen"]
[Date "2003.07.24"]
[Round "10"]
[White "Lie, Terje"]
[Black "Radovic, Slobodan"]
[Result "1-0"]
[WhiteElo "1000"]
[BlackElo "1391"]
[PlyCount "119"]
[EventDate "2003.07.14"]
[EventType "swiss"]
[EventRounds "11"]
[EventCountry "DEN"]
[SourceDate "2004.01.01"]

1. d4 Nf6 2. c4 e6 3. Nc3 b6 4. f3 d5 5. cxd5 Nxd5 6. e4 Nxc3 7. bxc3 Be7 8.
Ne2 O-O 9. Ng3 c5 10. Be3 Ba6 11. Bxa6 Nxa6 12. O-O Nc7 13. a4 f5 14. Ne2 Rc8
15. Qb3 Kh8 16. Rfd1 Qe8 17. Rac1 Qh5 18. Nf4 Qf7 19. e5 g5 20. Nh3 Rg8 21. Qc2
Nd5 22. Qd3 c4 23. Qe2 a6 24. Bd2 h5 25. f4 gxf4 26. Nxf4 Nxf4 27. Bxf4 Rg4 28.
Bd2 Qg6 29. Rf1 h4 30. Bf4 Qe8 31. Ra1 Rc7 32. Qf3 Rd7 33. Qc6 Bd8 34. Qxc4
Rdg7 35. Ra2 h3 36. g3 a5 37. Qb5 Qh5 38. Kh1 Rb7 39. Rc2 Rgg7 40. c4 Rgc7 41.
Kg1 Be7 42. Kf2 Qf7 43. Ke3 Bb4 44. Bg5 Qf8 45. Rf4 Qb8 46. Rh4+ Rh7 47. Bf6+
Kg8 48. Kf4 Rxh4+ 49. Bxh4 Rg7 50. Bg5 Qa8 51. d5 Bc5 52. Qc6 Qxc6 53. dxc6 Kh7
54. Rd2 Rxg5 55. c7 Rg4+ 56. Kf3 Rxc4 57. c8=Q Rc3+ 58. Ke2 Re3+ 59. Kd1 Rxe5
60. Qd7+ 1-0

[Event "25. Copenhagen Open  (Politiken Cup)"]
[Site "Copenhagen"]
[Date "2003.07.24"]
[Round "10"]
[White "Lilja, Richard"]
[Black "Hansen, Anders"]
[Result "0-1"]
[WhiteElo "2137"]
[BlackElo "2044"]
[PlyCount "116"]
[EventDate "2003.07.14"]
[EventType "swiss"]
[EventRounds "11"]
[EventCountry "DEN"]
[SourceDate "2004.01.01"]

1. e4 c6 2. d4 d5 3. Nd2 dxe4 4. Nxe4 Bf5 5. Ng3 Bg6 6. Bc4 e6 7. N1e2 Bd6 8.
O-O Qc7 9. f4 Ne7 10. Bd3 Bxd3 11. Qxd3 Nd7 12. f5 e5 13. Bg5 f6 14. Be3 O-O-O
15. c4 exd4 16. Nxd4 Nc5 17. Qe2 Bxg3 18. hxg3 Qe5 19. Rad1 Rxd4 20. Rxd4 Nxf5
21. Rxf5 Qxf5 22. Rf4 Qe6 23. Qf3 Nd7 24. Re4 Ne5 25. Qe2 b6 26. Bf2 Rd8 27. b4
Qd6 28. Kh2 Qd3 29. Rxe5 fxe5 30. Qxe5 Qg6 31. g4 Qd6 32. Bg3 Qxe5 33. Bxe5 g6
34. Kg3 Kd7 35. Kf4 Ke6 36. Bg7 Rd2 37. a4 Rxg2 38. Bd4 h5 39. gxh5 gxh5 40.
Kf3 Rg4 41. Ke3 h4 42. c5 bxc5 43. Bxc5 a6 44. Kf3 h3 45. Kxg4 h2 46. a5 h1=Q
47. Kf4 Qh4+ 48. Ke3 Kd5 49. Kf3 Qe4+ 50. Kf2 Qd3 51. Kg2 Ke4 52. Bf2 Kf4 53.
b5 cxb5 54. Kg1 Kf3 55. Bh4 Qd1+ 56. Be1 Qxe1+ 57. Kh2 Qg3+ 58. Kh1 Qg2# 0-1

[Event "25. Copenhagen Open  (Politiken Cup)"]
[Site "Copenhagen"]
[Date "2003.07.24"]
[Round "10"]
[White "Lisdorf, Bjorn"]
[Black "Knudsen, Erik"]
[Result "1-0"]
[WhiteElo "1398"]
[BlackElo "1105"]
[PlyCount "42"]
[EventDate "2003.07.14"]
[EventType "swiss"]
[EventRounds "11"]
[EventCountry "DEN"]
[SourceDate "2004.01.01"]

1. d4 d5 2. Nc3 e6 3. e3 Nf6 4. Nf3 c5 5. Bb5+ Bd7 6. Bxd7+ Nbxd7 7. O-O Be7 8.
Ne2 O-O 9. b3 Rc8 10. c3 Ne4 11. Bb2 Qc7 12. Rc1 Qa5 13. a4 b5 14. Ra1 Qb6 15.
axb5 Nd6 16. dxc5 Nxc5 17. Ne5 f6 18. Nc6 Rc7 19. b4 Nd7 20. Nxe7+ Kf7 21. Nxd5
Rb7 1-0

[Event "25. Copenhagen Open  (Politiken Cup)"]
[Site "Copenhagen"]
[Date "2003.07.24"]
[Round "10"]
[White "Lund, Silas"]
[Black "Nielsen, Jan Mose"]
[Result "1-0"]
[WhiteElo "2283"]
[BlackElo "2111"]
[PlyCount "57"]
[EventDate "2003.07.14"]
[EventType "swiss"]
[EventRounds "11"]
[EventCountry "DEN"]
[SourceDate "2004.01.01"]

1. d4 d5 2. c4 c6 3. Nf3 Nf6 4. Nc3 dxc4 5. a4 Bf5 6. e3 e6 7. Bxc4 Nbd7 8. O-O
Be7 9. Qe2 O-O 10. Rd1 Re8 11. h3 Qc7 12. Nh4 Bg6 13. e4 Nb6 14. Nxg6 hxg6 15.
Bb3 Rad8 16. Be3 Qb8 17. Rac1 Bf8 18. Qf3 Nbd7 19. Bg5 Be7 20. e5 Nd5 21. Bxe7
Rxe7 22. Ne4 N7b6 23. h4 Rdd7 24. g3 Qf8 25. Kg2 f5 26. exf6 Nxf6 27. Nc5 Rd6
28. a5 Nbd5 29. a6 1-0

[Event "25. Copenhagen Open  (Politiken Cup)"]
[Site "Copenhagen"]
[Date "2003.07.24"]
[Round "10"]
[White "Lonborg, Morten"]
[Black "Hovmoller, Kristian"]
[Result "0-1"]
[WhiteElo "2185"]
[BlackElo "2302"]
[PlyCount "84"]
[EventDate "2003.07.14"]
[EventType "swiss"]
[EventRounds "11"]
[EventCountry "DEN"]
[SourceDate "2004.01.01"]

1. e4 c5 2. Nf3 d6 3. d4 cxd4 4. Nxd4 Nf6 5. Nc3 a6 6. f4 e5 7. Nf3 Nbd7 8. a4
Be7 9. Bd3 O-O 10. O-O Nc5 11. Qe1 exf4 12. Kh1 Nxd3 13. cxd3 Nh5 14. Nd5 Be6
15. Nxe7+ Qxe7 16. Bd2 Rfd8 17. Bc3 Bg4 18. Qf2 Rac8 19. Rae1 Bxf3 20. gxf3 Rc5
21. Rg1 Ng3+ 22. hxg3 Rh5+ 23. Kg2 fxg3 24. Qd4 Rh2+ 25. Kf1 Rf2+ 26. Qxf2 gxf2
27. Rxg7+ Kf8 28. Kxf2 Qh4+ 29. Ke2 Qh2+ 30. Kd1 Rc8 31. Reg1 Qf2 32. R7g3 Ke7
33. a5 Rc5 34. R1g2 Qf1+ 35. Kc2 Rh5 36. Rd2 Rh3 37. Rxh3 Qxh3 38. f4 h5 39. f5
f6 40. Bd4 h4 41. Bg1 Qf3 42. Rf2 Qg3 0-1

[Event "25. Copenhagen Open  (Politiken Cup)"]
[Site "Copenhagen"]
[Date "2003.07.24"]
[Round "10"]
[White "Madsen, Gert Medom"]
[Black "Hansen, Alexei"]
[Result "1/2-1/2"]
[WhiteElo "1734"]
[BlackElo "1973"]
[PlyCount "27"]
[EventDate "2003.07.14"]
[EventType "swiss"]
[EventRounds "11"]
[EventCountry "DEN"]
[SourceDate "2004.01.01"]

1. b3 e5 2. Bb2 Nc6 3. e3 d5 4. Bb5 Bd6 5. Nf3 Qe7 6. c4 a6 7. Bxc6+ bxc6 8. c5
Bxc5 9. Nxe5 Bb7 10. Qc2 f6 11. Nf3 Bd6 12. d4 c5 13. O-O Nh6 14. Nc3 1/2-1/2

[Event "25. Copenhagen Open  (Politiken Cup)"]
[Site "Copenhagen"]
[Date "2003.07.24"]
[Round "10"]
[White "Marder, Simon"]
[Black "Skaanning Pedersen, Kim Henrik"]
[Result "0-1"]
[WhiteElo "2067"]
[BlackElo "2187"]
[PlyCount "90"]
[EventDate "2003.07.14"]
[EventType "swiss"]
[EventRounds "11"]
[EventCountry "DEN"]
[SourceDate "2004.01.01"]

1. d4 Nf6 2. Nc3 d5 3. e4 Nxe4 4. Nxe4 dxe4 5. Bc4 c5 6. dxc5 Qxd1+ 7. Kxd1 Nc6
8. Be3 Bg4+ 9. Ne2 O-O-O+ 10. Ke1 e6 11. h3 Bh5 12. a3 Be7 13. Nf4 Bg6 14. b4
Bf6 15. Rd1 Rxd1+ 16. Kxd1 Bb2 17. Ke2 Rd8 18. Rd1 Rxd1 19. Kxd1 Bxa3 20. c3 a5
21. b5 Ne5 22. Be2 Kc7 23. h4 Bf5 24. Nh5 Ng4 25. Nxg7 Nxe3+ 26. fxe3 Bxc5 27.
g4 Bg6 28. h5 Kd7 29. hxg6 hxg6 30. Kd2 Bf8 31. Nh5 gxh5 32. gxh5 b6 33. Bd1
Ke7 34. Ke2 f5 35. Kd2 Kf6 36. Ke1 Kg5 37. Kd2 Kh4 38. Ke1 Kg3 39. Ke2 e5 40.
Kd2 Kf2 41. c4 f4 42. Bg4 a4 43. c5 Bxc5 44. h6 Bf8 45. h7 Bg7 0-1

[Event "25. Copenhagen Open  (Politiken Cup)"]
[Site "Copenhagen"]
[Date "2003.07.24"]
[Round "10"]
[White "McShane, Rod"]
[Black "Edvardsson, Hannu Kalervo"]
[Result "0-1"]
[WhiteElo "1500"]
[BlackElo "1325"]
[PlyCount "86"]
[EventDate "2003.07.14"]
[EventType "swiss"]
[EventRounds "11"]
[EventCountry "DEN"]
[SourceDate "2004.01.01"]

1. e4 e5 2. Nf3 d6 3. c3 Be7 4. Be2 Nf6 5. d3 Bg4 6. O-O O-O 7. h3 Bxf3 8. Bxf3
Nbd7 9. Bg5 Ne8 10. Bd2 Bg5 11. Be1 Be7 12. Nd2 b5 13. Be2 Rb8 14. f4 exf4 15.
Rxf4 Bg5 16. Rf1 Be3+ 17. Bf2 Bxf2+ 18. Rxf2 Nef6 19. Qf1 Ne5 20. b3 c5 21. Rd1
b4 22. d4 Ned7 23. cxb4 Rxb4 24. dxc5 Nxc5 25. e5 Nfe4 26. Nxe4 Nxe4 27. Rf3
Qb6+ 28. Kh2 dxe5 29. Bc4 Qc7 30. Re3 Nd6 31. Bd5 e4 32. Rc1 Qb8 33. Kh1 Rd4
34. Rc5 Rc8 35. Rec3 Rxc5 36. Rxc5 e3 37. Qe2 Qe8 38. Bf3 Rd2 39. Qa6 Qe7 40.
Rc6 g6 41. Be2 Ne4 42. Qc8+ Qd8 43. Qg4 Nf2+ 0-1

[Event "25. Copenhagen Open  (Politiken Cup)"]
[Site "Copenhagen"]
[Date "2003.07.24"]
[Round "10"]
[White "Nielsen, Jens Holm"]
[Black "Larsen, Ulrik"]
[Result "1/2-1/2"]
[WhiteElo "2102"]
[BlackElo "1951"]
[PlyCount "82"]
[EventDate "2003.07.14"]
[EventType "swiss"]
[EventRounds "11"]
[EventCountry "DEN"]
[SourceDate "2004.01.01"]

1. Nc3 c5 2. Nf3 Nf6 3. d4 cxd4 4. Nxd4 d6 5. Bg5 e6 6. g3 Be7 7. Bg2 a6 8. O-O
Qc7 9. a4 Nc6 10. Nb3 b6 11. a5 Bb7 12. axb6 Qxb6 13. Bxf6 gxf6 14. Qd2 h5 15.
h4 Rg8 16. Na4 Qa7 17. Kh2 Ne5 18. Qd4 Bxg2 19. Qxa7 Rxa7 20. Kxg2 f5 21. e3
Bxh4 22. Rh1 Bf6 23. Rxh5 Nc4 24. Nd4 Rb7 25. c3 Ke7 26. Nc6+ Kd7 27. Nb4 a5
28. Nd3 Rgb8 29. Rh7 Ke7 30. Ra2 Rb5 31. b4 Kf8 32. Rc2 Kg8 33. Rh1 e5 34. bxa5
Rxa5 35. Ndb2 Nxb2 36. Rxb2 Rxb2 37. Nxb2 Rc5 38. Rd1 Rc6 39. Rc1 e4 40. Nd1 d5
41. Kf1 Kf8 1/2-1/2

[Event "25. Copenhagen Open  (Politiken Cup)"]
[Site "Copenhagen"]
[Date "2003.07.24"]
[Round "10"]
[White "Nielsen, Michael B"]
[Black "Auchenberg, Einar"]
[Result "1-0"]
[WhiteElo "1327"]
[BlackElo "1549"]
[PlyCount "107"]
[EventDate "2003.07.14"]
[EventType "swiss"]
[EventRounds "11"]
[EventCountry "DEN"]
[SourceDate "2004.01.01"]

1. d4 Nf6 2. Nf3 e6 3. Bf4 b6 4. e3 Ba6 5. Bxa6 Nxa6 6. c4 Bb4+ 7. Nc3 Ne4 8.
Qc2 f5 9. O-O Bxc3 10. bxc3 g5 11. Be5 O-O 12. h3 c5 13. d5 d6 14. Bh2 exd5 15.
cxd5 Qf6 16. Rac1 b5 17. Nd2 Rae8 18. Nb3 b4 19. Qd3 Nc7 20. cxb4 f4 21. exf4
gxf4 22. Rfe1 Qg6 23. bxc5 f3 24. g3 Qf5 25. Nd4 Qxd5 26. cxd6 Nxd6 27. Qb3
Qxb3 28. axb3 Rxe1+ 29. Rxe1 Ncb5 30. Nxb5 Nxb5 31. Re3 Nd4 32. g4 Rc8 33. Be5
Ne2+ 34. Kh2 Rc5 35. Bb8 h5 36. Rxf3 hxg4 37. hxg4 Rc3 38. Rxc3 Nxc3 39. Bxa7
Nb5 40. Bc5 Kg7 41. b4 Kg6 42. Kg3 Nc3 43. f4 Nd5 44. b5 Nc3 45. f5+ Kf7 46.
Kf4 Nxb5 47. g5 Nc7 48. g6+ Kg8 49. Kg5 Kh8 50. Bd6 Ne8 51. Be5+ Kg8 52. f6 Kf8
53. f7 Nf6 54. Bd6+ 1-0

[Event "25. Copenhagen Open  (Politiken Cup)"]
[Site "Copenhagen"]
[Date "2003.07.24"]
[Round "10"]
[White "Nielsen, Palle"]
[Black "Anders, Maik"]
[Result "1/2-1/2"]
[WhiteElo "1650"]
[BlackElo "1558"]
[PlyCount "59"]
[EventDate "2003.07.14"]
[EventType "swiss"]
[EventRounds "11"]
[EventCountry "DEN"]
[SourceDate "2004.01.01"]

1. e4 d5 2. c3 Nc6 3. exd5 Qxd5 4. Nf3 Bf5 5. Qb3 Qxb3 6. axb3 Nf6 7. Bb5 Bd7
8. d4 e6 9. O-O Bd6 10. Re1 O-O 11. Nbd2 Ne7 12. Bxd7 Nxd7 13. Nc4 Nf5 14. g4
Ne7 15. Ra5 Nd5 16. Nxd6 cxd6 17. Bd2 b6 18. Ra6 Nc7 19. Ra2 Rfb8 20. Bf4 Ne8
21. g5 Rb7 22. h4 g6 23. Kg2 d5 24. Rh1 Ng7 25. Nh2 Nb8 26. Ng4 Nc6 27. b4 Nh5
28. Nf6+ Nxf6 29. gxf6 h5 30. Kf3 1/2-1/2

[Event "25. Copenhagen Open  (Politiken Cup)"]
[Site "Copenhagen"]
[Date "2003.07.24"]
[Round "10"]
[White "Nielsen, Thomas"]
[Black "Nielsen, Borge Hjerrild"]
[Result "1/2-1/2"]
[WhiteElo "2028"]
[BlackElo "2134"]
[PlyCount "59"]
[EventDate "2003.07.14"]
[EventType "swiss"]
[EventRounds "11"]
[EventCountry "DEN"]
[SourceDate "2004.01.01"]

1. d4 d5 2. c4 e6 3. Nc3 Be7 4. Nf3 Nf6 5. Bg5 Nbd7 6. cxd5 exd5 7. e3 O-O 8.
Bd3 c6 9. Qc2 Re8 10. a3 Nf8 11. O-O g6 12. Rab1 Ne6 13. Bh4 Ng7 14. b4 a6 15.
Nd2 Bf5 16. Bxf6 Bxf6 17. Nb3 Bxd3 18. Qxd3 Nf5 19. a4 b5 20. Na5 Qb6 21. Rfc1
Nd6 22. axb5 axb5 23. Nb3 Be7 24. Nc5 Ra3 25. g3 Rea8 26. Qd1 Nc4 27. Rc2 Bxc5
28. dxc5 Qd8 29. Qd4 R3a7 30. Rd1 1/2-1/2

[Event "25. Copenhagen Open  (Politiken Cup)"]
[Site "Copenhagen"]
[Date "2003.07.24"]
[Round "10"]
[White "Nilssen, John Arni"]
[Black "Johansson, Thomas"]
[Result "1-0"]
[WhiteElo "2382"]
[BlackElo "2231"]
[PlyCount "97"]
[EventDate "2003.07.14"]
[EventType "swiss"]
[EventRounds "11"]
[EventCountry "DEN"]
[SourceDate "2004.01.01"]

1. Nf3 f5 2. d4 Nf6 3. Bg5 e6 4. Nbd2 Be7 5. Bxf6 Bxf6 6. e4 d5 7. exf5 exf5 8.
Ne5 Bxe5 9. dxe5 Qe7 10. Qh5+ g6 11. Qe2 Nc6 12. O-O-O Be6 13. g3 O-O-O 14. Bg2
f4 15. Nb3 Rhf8 16. Kb1 Qb4 17. Rd2 h5 18. Rhd1 Bg4 19. f3 Be6 20. Qf2 b6 21.
Nd4 Nxd4 22. Rxd4 Qc5 23. Qd2 fxg3 24. hxg3 Bf5 25. f4 Bg4 26. Rc1 c6 27. b4
Qe7 28. c4 Bf5+ 29. Kb2 dxc4 30. Rcxc4 Bd7 31. Rd6 g5 32. b5 gxf4 33. gxf4 Be6
34. Rcxc6+ Kb8 35. Qe3 Rxd6 36. Rxd6 Bc8 37. Qd4 h4 38. e6 Rf5 39. a4 h3 40.
Bxh3 Rh5 41. Bg4 Rh2+ 42. Kb3 Rg2 43. Qe5 Qc7 44. Bf5 Rg3+ 45. Bd3 Re3 46. Qxe3
Qxd6 47. e7 Be6+ 48. Bc4 Qd1+ 49. Kb2 1-0